000
00331 a2200145 4500
999
_c
12867
_d
12867
003
OSt
005
20240725192510.0
008
240725b ||||| |||| 00| 0 eng d
020
_a
978-9881383464
082
_a
741.6
100
_a
SendPoints
245
_a
Information Made Beautiful
260
_b
SendPoints
_c
2015
942
_2
ddc